Qualitative communication research methods

Bibliographic Details
Main Authors: Lindlof, Thomas R. (Author), Taylor, Bryan C. (Author)
Format: Book
Language:English
Published: California : Sage Publications 2002
Edition:Second edition
Subjects:

MARC

LEADER 00000cam a2200000 7i4500
001 0000013116
005 20241009.0
008 030926 caua eng
020 |a 0761924930 (hbk) 
040 |a INS   |b eng   |e rda 
090 0 0 |a P91.3   |b .L56 2002 
100 1 |a Lindlof, Thomas R. ,   |e author 
245 1 0 |a Qualitative communication research methods   |c Thomas R. Lindlof, Bryan C. Taylor 
250 |a Second edition 
264 1 |a California :   |b Sage Publications   |c 2002 
300 |a xvi, 357 pages :   |b illustrations ;   |c 24 cm. 
336 |a text  |2 rdacontent 
337 |a unmediated  |2 rdamedia 
338 |a volume  |2 rdacarrier 
504 |a Includes bibliographical references and index 
650 0 |a Communication   |x Research methodology 
700 1 |a Taylor, Bryan C. ,   |e author 
999 |a 0000013993   |b BOOK   |c Open Shelf   |e Default branch 
999 |a 0000014519   |b BOOK   |c Open Shelf   |e Default branch